Margret & H.A. Rey's Curious George and the firefighters / (Record no. 3771)

MARC details
000 -LEADER
fixed length control field 01361cam a2200361 a 4500
005 - DATE AND TIME OF LATEST TRANSACTION
control field 20240506151844.0
020 ## - INTERNATIONAL STANDARD BOOK NUMBER
International Standard Book Number 0618494979 (hardcover)
020 ## - INTERNATIONAL STANDARD BOOK NUMBER
International Standard Book Number 9780618494965
040 ## - CATALOGING SOURCE
Original cataloging agency DLC
Transcribing agency DLC
Modifying agency DLC
Language of cataloging eng
050 00 - LIBRARY OF CONGRESS CALL NUMBER
Classification number PZ7.M335835
082 00 - DEWEY DECIMAL CLASSIFICATION NUMBER
Classification number 813.6
100 ## - MAIN ENTRY--PERSONAL NAME
Personal name Rey's H.A
245 00 - TITLE STATEMENT
Title Margret & H.A. Rey's Curious George and the firefighters /
Statement of responsibility, etc. illustrated in the style of H.A. Rey by Anna Grossnickle Hines.
246 3# - VARYING FORM OF TITLE
Title proper/short title Margret and H.A. Rey's Curious George and the firefighters
246 30 - VARYING FORM OF TITLE
Title proper/short title Curious George and the firefighters
260 ## - PUBLICATION, DISTRIBUTION, ETC.
Place of publication, distribution, etc. Boston :
Name of publisher, distributor, etc. Houghton Mifflin,
Date of publication, distribution, etc. 2004.
300 ## - PHYSICAL DESCRIPTION
Extent 24 pages :
Other physical details color illustrations ;
Dimensions 20 cm.
490 ## - SERIES STATEMENT
Series statement Curious George
Volume/sequential designation Book 53
505 ## - FORMATTED CONTENTS NOTE
Formatted contents note J <br/>
520 ## - SUMMARY, ETC.
Summary, etc. While on a field trip to a fire station with Mrs. Gray's class, Curious George goes off on his own and is soon at the scene of a fire, where he finds a way to be helpful.
521 ## - TARGET AUDIENCE NOTE
Target audience note 490 <br/>
Source Lexile <br/>
521 ## - TARGET AUDIENCE NOTE
Target audience note J <br/>
Source Raz-Plus <br/>
650 #1 - SUBJECT ADDED ENTRY--TOPICAL TERM
Topical term or geographic name entry element Monkeys
Form subdivision Fiction.
650 #1 - SUBJECT ADDED ENTRY--TOPICAL TERM
Topical term or geographic name entry element Fire fighters
Form subdivision Fiction.
650 #1 - SUBJECT ADDED ENTRY--TOPICAL TERM
Topical term or geographic name entry element Fire departments
Form subdivision Fiction.
650 #1 - SUBJECT ADDED ENTRY--TOPICAL TERM
Topical term or geographic name entry element School field trips
Form subdivision Fiction.
700 1# - ADDED ENTRY--PERSONAL NAME
Personal name Rey, Margret
700 1# - ADDED ENTRY--PERSONAL NAME
Personal name Rey, H. A.
Fuller form of name (Hans Augusto),
Dates associated with a name 1898-1977.
700 1# - ADDED ENTRY--PERSONAL NAME
Personal name Hines, Anna Grossnickle,
Relator term illustrator
906 ## - LOCAL DATA ELEMENT F, LDF (RLIN)
a 7
b cbc
c orignew
d 1
e ecip
f 20
g y-gencatlg
942 ## - ADDED ENTRY ELEMENTS (KOHA)
Source of classification or shelving scheme Dewey Decimal Classification
Koha item type Books
Suppress in OPAC No
999 ## -
-- 3771
-- 3771
Holdings
Withdrawn status Lost status Source of classification or shelving scheme Damaged status Not for loan Collection Home library Current library Shelving location Date acquired Total Checkouts Full call number Barcode Date last seen Date last checked out Price effective from Koha item type
    Dewey Decimal Classification     Juvenile Fiction Footprints International School Library Network Toul Kork Campus Footprints International School Library Network Toul Tom Poung Campus   05/06/2024 1 REY 813.6 PZ7.M335835 FISTK01533 02/12/2026 01/29/2026 05/06/2024 Books